Visualizzazione normale
Vista MARC
- Filosofi di lingua russa
di Genre/Form Term
Records bibliografici associati: 1
001 - CONTROL NUMBER
- control field: 58431
003 - CONTROL NUMBER IDENTIFIER
- control field:
005 - DATE AND TIME OF LATEST TRANSACTION
- control field: 20200904170612.0
008 - FIXED-LENGTH DATA ELEMENTS
- fixed length control field: 200904|| aca||aabn | a|a d
040 ## - CATALOGING SOURCE
- Original cataloging agency:
- Transcribing agency:
155 ## - HEADING--GENRE/FORM TERM
- Genre/form term: Filosofi di lingua russa
- General subdivision: Vari altri filosofi
670 ## - SOURCE DATA FOUND
- Source citation: Work cat.: ()0: Florenskij, Pavel Aleksandrovič, 1882-1937. 58430, La filosofia del culto /, ©2016.